La huelga bananera 1934
Enregistré dans:
| Auteur principal: | |
|---|---|
| Format: | Texte |
| Publié: |
s.l.:
s.e.
|
| Tags: |
Ajouter un tag
Pas de tags, Soyez le premier à ajouter un tag!
|
MARC
| LEADER | 00000 a a2200000 04500 | ||
|---|---|---|---|
| 001 | 24247 | ||
| 003 | |||
| 040 | |||
| 090 | |a 166100 | ||
| 100 | |a Ferreto, Arnoldo | ||
| 245 | |a La huelga bananera 1934 | ||
| 260 | |a s.l.: |b s.e. | ||
| 300 | |a 20 p. |b il. | ||
| 999 | |c 11568 |d 11568 | ||
